000 00434nam a2200181Ia 4500
001 20276
005 20260306172754.0
008 260306t2020||||xx |||||||||||||| ||spa||
041 _aESP
082 _a343.1
_bG23T
100 _aGarcía Belaúnde, Domingo
_eAUT
245 0 _aTiempos de constitucionalismo
260 _c2020
300 _a638 páginas :
_c25 cm.
650 _aGEN
654 _aCDE
942 _cLIB
_dJUS
_fJUS
_2ddc
_n
999 _c20276
_d20276